000 00555nam a2200157 a 4500
001 000030574
005 20200930062403.0
008 110524s1961 ag bc 000 | spa d
040 _aDO-SdBNP
_bspa
_cBNPHU
082 _axx
_bT736c
100 1 _aTovar, Antonio,
_d1911-1984.
_942224
245 1 0 _aCátalogo de las lenguas de América del Sur :
_benumeración con indicaciones tipológicas, bibliografía y mapas /
_cAntonio Tovar.
260 _aBuenos Aires, Argentina :
_bSudamericana,
_c1961.
300 _a449 p. :
_bmapa, retrs. ;
_c20 cm.
049 _aBNPD
999 _c30066
_d30066